000 01712nkm a2200421 c 4500
999 _c211951
_d211951
003 BLK
005 20250307113307.0
008 180413b bul rap|r|||| r0| ||bulo|
010 _aKNG00198409000
020 _a978-619-7339-03-1
040 _aBLK
041 _aBUL
_cBUL
072 7 _2bullib
_aН85
_xДетска художествена литература Н
080 _aФинландска литература
_b821.511.111
_x-93-32
_z821.511.111-93-32
080 _aКарикатура. Комикс
_b741.5
_x(02.053.2)
_z741.5(02.053.2)
100 1 _aЯнсон, Туве
_eпърви автор
_9365645
139 _aЯнсон, Туве
_bЯ 67
245 1 0 _aСамотният остров на Муминтрол
_cТуве Янсон; прев. Анелия Георгиева Петрунова.
257 _aBGR
260 _bПурко
_c2016
300 _a44 с.
_bс ил.
_c16Х22 см
380 _aDX
490 1 _aКомикс поредица Мумините
_vИстория 3
500 _aПрев. от англ. изд. Moomin's Desert Island / Tove Jansson. - Съдържа и за авт.
650 4 _aКомикси - издания за деца
_9282145
653 _aкомикси
653 _aлитература за деца
653 _aдетска литература
659 _aН
700 1 _aПетрунова, Анелия Георгиева, 1977-
_9110375
852 _aЦб І 39123
856 4 _qpdf
_u
856 4 _qpdf
_u
942 _cGRA
_n0
_011
_s1
944 _aCR
_c16.12.2016
_lБояна Костадинова
_k30551
944 _aED
_c03.01.2018
_lф /
_kПенка_Димитрова
999 _d211951